[Event "Budapest FS03 GM"]
[Site "Budapest"]
[Date "2024.03.04"]
[Round "2"]
[White "Goroshkov, Maksym"]
[Black "Seres, Lajos"]
[Result "1/2-1/2"]
[WhiteElo "2383"]
[BlackElo "2326"]
[PlyCount "59"]
[EventDate "2024.03.02"]
[EventType "tourn"]
[EventRounds "10"]
[EventCountry "HUN"]
[EventCategory "6"]
[SourceTitle "CB12_2024"]
[SourceDate "2023.10.01"]
[SourceVersion "1"]
[SourceVersionDate "2023.10.01"]
[SourceQuality "1"]

1. e4 c5 2. c3 Nf6 3. e5 Nd5 4. Bc4 Nb6 5. Bb3 Nc6 6. d4 cxd4 7. cxd4 d5 8. exd6 Qxd6 9. Nf3 Be6 10. 0-0 Bxb3 11. Qxb3 e6 12. Nc3 Be7 13. Rd1 0-0 14. d5 Nxd5 15. Nxd5 exd5 16. Rxd5 Qc7 17. Be3 Rad8 18. Rad1 Rxd5 19. Rxd5 Rd8 20. g3 Rxd5 21. Qxd5 h6 22. Bd2 Bf6 23. b4 a6 24. b5 axb5 25. Qxb5 Qd7 26. Be3 Qg4 27. Qd5 Qa4 28. Qd7 Qxa2 29. Qxb7 Qd5 30. Nd2 1/2-1/2

[Event "Budapest Vezerkepzo GM 11"]
[Site "Budapest"]
[Date "2023.11.22"]
[Round "7"]
[White "Srihari, LR."]
[Black "Seres, Lajos"]
[Result "1-0"]
[WhiteElo "2460"]
[BlackElo "2350"]
[PlyCount "90"]
[EventDate "2023.11.16"]
[EventType "tourn"]
[EventRounds "9"]
[EventCountry "HUN"]
[EventCategory "6"]
[SourceTitle "CB48_2023"]
[SourceDate "2023.11.29"]
[SourceVersion "1"]
[SourceVersionDate "2023.11.29"]
[SourceQuality "1"]

1. c4 Nf6 2. Nc3 e5 3. Nf3 Nc6 4. e3 Bb4 5. Qc2 Bxc3 6. Qxc3 Qe7 7. d4 Ne4 8. Qd3 exd4 9. Nxd4 0-0 10. Be2 Qb4+ 11. Kf1 Re8 12. Nb5 Nc5 13. Qd2 Qxd2 14. Bxd2 Ne6 15. h4 a6 16. Nc3 d6 17. h5 h6 18. Nd5 Bd7 19. Bc3 Rac8 20. Rc1 Nc5 21. b3 Bf5 22. Rh4 Ne7 23. Rd4 Nxd5 24. cxd5 Bd7 25. Rdd1 Bb5 26. Rc2 Bxe2+ 27. Kxe2 Ne4 28. Bb2 f5 29. Rdc1 Re7 30. Kf3 Kf7 31. Kf4 Nf6 32. Bxf6 Kxf6 33. Rc4 a5 34. a4 b6 35. f3 Rce8 36. Rxc7 Rxc7 37. Rxc7 Re5 38. Rb7 Rxd5 39. Rxb6 Ke6 40. Rb7 Rd3 41. Rxg7 Rxb3 42. Rg6+ Kd5 43. Rxh6 Rb4+ 44. Kxf5 Rxa4 45. e4+ Kc5 1-0

[Event "Budapest FS07 IM"]
[Site "Budapest"]
[Date "2023.07.04"]
[Round "4"]
[White "Seres, Lajos"]
[Black "Alok, Sinha"]
[Result "1/2-1/2"]
[WhiteElo "2345"]
[BlackElo "2256"]
[PlyCount "60"]
[EventDate "2023.07.01"]
[EventType "swiss"]
[EventRounds "9"]
[EventCountry "HUN"]
[SourceTitle "EXT 2024"]
[Source "ChessBase"]
[SourceDate "2023.10.10"]
[SourceVersion "1"]
[SourceVersionDate "2023.10.10"]
[SourceQuality "1"]

1. d4 d5 2. c4 c6 3. Nf3 Nf6 4. Nc3 e6 5. Bg5 h6 6. Bxf6 Qxf6 7. e3 Nd7 8. Rc1 g6 9. Bd3 Bg7 10. 0-0 0-0 11. cxd5 exd5 12. b4 Qd6 13. Qb3 Nb6 14. b5 Bg4 15. bxc6 bxc6 16. Nd2 Rab8 17. Na4 Rfc8 18. Nc5 Nd7 19. Qa4 Nxc5 20. Rxc5 Bf8 21. Nb3 Qc7 22. Rc2 Rb4 23. Qa6 Rb6 24. Qa5 Bd6 25. h3 Be6 26. Nc5 Qe7 27. Rfc1 Rc7 28. a4 Qg5 29. Kh1 Qh4 30. Nxe6 fxe6 1/2-1/2

[Event "Budapest FS07 IM"]
[Site "Budapest"]
[Date "2023.07.03"]
[Round "3"]
[White "Varga, Zoltan"]
[Black "Seres, Lajos"]
[Result "1/2-1/2"]
[WhiteElo "2375"]
[BlackElo "2345"]
[PlyCount "24"]
[EventDate "2023.07.01"]
[EventType "swiss"]
[EventRounds "9"]
[EventCountry "HUN"]
[SourceTitle "EXT 2024"]
[Source "ChessBase"]
[SourceDate "2023.10.10"]
[SourceVersion "1"]
[SourceVersionDate "2023.10.10"]
[SourceQuality "1"]

1. d4 Nf6 2. c4 e6 3. Nf3 d5 4. g3 c6 5. Bg2 Nbd7 6. 0-0 Be7 7. Qc2 0-0 8. Bf4 Nh5 9. Bc1 Nhf6 10. Bf4 Nh5 11. Bc1 Nhf6 12. Bf4 Nh5 1/2-1/2

[Event "Budapest Vezerkepzo Pentecost IM2"]
[Site "Budapest"]
[Date "2023.05.24"]
[Round "7"]
[White "Karacsonyi, Kata"]
[Black "Seres, Lajos"]
[Result "1/2-1/2"]
[WhiteElo "2142"]
[BlackElo "2361"]
[PlyCount "71"]
[EventDate "2023.05.18"]
[EventType "tourn"]
[EventRounds "9"]
[EventCountry "HUN"]
[SourceTitle "CBM 214 Extra"]
[Source "ChessBase"]
[SourceDate "2023.07.31"]
[SourceVersion "1"]
[SourceVersionDate "2023.07.31"]
[SourceQuality "1"]

1. e4 c5 2. Nf3 g6 3. d4 Bg7 4. dxc5 Qa5+ 5. c3 Qxc5 6. Be3 Qc7 7. Bd3 Nc6 8. 0-0 Nf6 9. h3 d5 10. Nbd2 0-0 11. Nd4 Nxd4 12. Bxd4 e5 13. Be3 Be6 14. Qf3 Kh8 15. Rfd1 dxe4 16. Bxe4 Nxe4 17. Nxe4 f5 18. Nc5 Bc8 19. Nb3 Re8 20. Bc5 Be6 21. Bd6 Qf7 22. Nc5 e4 23. Qe3 Bxa2 24. Bf4 Bd5 25. Rd2 Bc6 26. Rad1 Rac8 27. Ra1 b6 28. Na6 Bb5 29. Nb4 Rcd8 30. Rad1 Rxd2 31. Rxd2 Bc4 32. Nc6 Qb7 33. Nd4 Rc8 34. Bh6 Bf6 35. Bg5 Bg7 36. Bh6 1/2-1/2

[Event "Budapest Vezerkepzo Pentecost IM2"]
[Site "Budapest"]
[Date "2023.05.18"]
[Round "1"]
[White "Luong, Phuong Hanh"]
[Black "Seres, Lajos"]
[Result "0-1"]
[WhiteElo "2029"]
[BlackElo "2361"]
[PlyCount "86"]
[EventDate "2023.05.18"]
[EventType "tourn"]
[EventRounds "9"]
[EventCountry "HUN"]
[SourceTitle "CBM 214 Extra"]
[Source "ChessBase"]
[SourceDate "2023.07.31"]
[SourceVersion "1"]
[SourceVersionDate "2023.07.31"]
[SourceQuality "1"]

1. d4 d6 2. Nf3 c6 3. g3 Qc7 4. Bg2 e5 5. 0-0 Nf6 6. dxe5 dxe5 7. Nbd2 Bg4 8. Nc4 Nbd7 9. Nfxe5 Nxe5 10. Bf4 Nfd7 11. Qd4 0-0-0 12. Nxe5 Nxe5 13. Qxe5 Qxe5 14. Bxe5 Rd2 15. e3 Rxc2 16. Bc3 f5 17. f3 Bh5 18. Bh3 Bg6 19. e4 Kc7 20. exf5 Bf7 21. Rac1 Rxc1 22. Rxc1 Bxa2 23. Be5+ Kb6 24. Bd4+ c5 25. Be3 a5 26. Ra1 Bb3 27. Bd2 a4 28. Bc3 Rg8 29. Be5 Be7 30. Re1 Bf6 31. f4 Rd8 32. Bg4 Rd2 33. Bf3 c4 34. g4 Rxb2 35. g5 Bxe5 36. fxe5 c3 37. e6 c2 38. Be4 a3 39. Bxc2 Rxc2 40. f6 gxf6 41. gxf6 a2 42. f7 Rc8 43. h4 Ka7 0-1

[Event "Budapest FS04 GM"]
[Site "Budapest"]
[Date "2023.04.11"]
[Round "9"]
[White "Ajay, Karthikeyan"]
[Black "Seres, Lajos"]
[Result "1/2-1/2"]
[WhiteElo "2454"]
[BlackElo "2360"]
[PlyCount "156"]
[EventDate "2023.04.01"]
[EventType "tourn"]
[EventRounds "9"]
[EventCountry "HUN"]
[EventCategory "6"]
[SourceTitle "CBM 213 Extra"]
[Source "ChessBase"]
[SourceDate "2023.05.31"]
[SourceVersion "1"]
[SourceVersionDate "2023.05.31"]
[SourceQuality "1"]

1. e4 e5 2. Nf3 Nc6 3. Bb5 Nf6 4. 0-0 Nxe4 5. Re1 Nd6 6. Nxe5 Nxe5 7. Rxe5+ Be7 8. Bf1 0-0 9. Nc3 Ne8 10. Nd5 Bd6 11. Re1 c6 12. Ne3 Bc7 13. Nf5 d5 14. Ne7+ Kh8 15. Nxc8 Rxc8 16. d3 f5 17. Bd2 Nf6 18. g3 Ng4 19. h3 Ne5 20. Qh5 Qe8 21. Qxe8 Rfxe8 22. Kg2 Kg8 23. a4 Kf7 24. b4 Bd6 25. a5 d4 26. a6 b5 27. Be2 Nd7 28. c4 dxc3 29. Bxc3 Nb6 30. Bf3 Rxe1 31. Rxe1 Nd5 32. Bxd5+ cxd5 33. Bd4 Bxb4 34. Rb1 Bc3 35. Bxa7 Ra8 36. Bc5 Rxa6 37. Rxb5 Bf6 38. Kf3 Ke6 39. h4 d4 40. Rb7 h5 41. Bf8 g6 42. Bb4 Ra2 43. Rb6+ Kf7 44. Rb7+ Ke6 45. Rb6+ Kf7 46. Bd6 Rd2 47. Rb3 Rc2 48. Bf4 Rc3 49. Rb7+ Ke6 50. Rb6+ Kf7 51. Rb7+ Ke6 52. Rb6+ Kf7 53. Ke2 Rc2+ 54. Kf3 Rc3 55. Ke2 Rc2+ 56. Ke1 Ra2 57. Rb7+ Ke6 58. Rb6+ Kf7 59. Bc1 Rc2 60. Bb2 Rc7 61. Ke2 Rc2+ 62. Kd1 Rc7 63. Rb4 Rd7 64. Ke2 Ke6 65. Kf3 Be5 66. Ba3 Rc7 67. Rb6+ Kd5 68. Rb5+ Ke6 69. Rb6+ Kd5 70. Bb4 Rc6 71. Rb7 Rc2 72. Rb5+ Ke6 73. Rb6+ Kf7 74. Bd6 Bf6 75. Rb7+ Ke6 76. Bf4 Rc3 77. Ke2 Rc2+ 78. Kf3 Rc3 1/2-1/2

[Event "Budapest FS03 GM"]
[Site "Budapest"]
[Date "2023.03.05"]
[Round "2"]
[White "Harshavardhan, GB."]
[Black "Seres, Lajos"]
[Result "1/2-1/2"]
[WhiteElo "2436"]
[BlackElo "2360"]
[PlyCount "60"]
[EventDate "2023.03.04"]
[EventType "tourn"]
[EventRounds "9"]
[EventCountry "HUN"]
[EventCategory "6"]
[SourceTitle "CBM 213 Extra"]
[Source "ChessBase"]
[SourceDate "2023.05.31"]
[SourceVersion "1"]
[SourceVersionDate "2023.05.31"]
[SourceQuality "1"]

1. e4 e5 2. Nf3 Nc6 3. Bb5 Nf6 4. 0-0 Nxe4 5. d4 Nd6 6. Ba4 e4 7. Ne5 Be7 8. Nc3 0-0 9. Re1 f6 10. Bb3+ Kh8 11. Nxc6 dxc6 12. Nxe4 Nxe4 13. Rxe4 Bf5 14. Re1 Bd6 15. c4 c5 16. Qf3 Re8 17. Bf4 Qd7 18. dxc5 Bg4 19. Qg3 Bxc5 20. h3 Bh5 21. Bc2 Rxe1+ 22. Rxe1 Re8 23. Rxe8+ Qxe8 24. Qc3 Qe2 25. Bg3 Bg6 26. Bxg6 hxg6 27. a3 Kh7 28. Qa5 Qxc4 29. Qxc7 Qd5 30. b4 Bd4 1/2-1/2

[Event "Budapest Vezerkepzo Winter IM"]
[Site "Budapest"]
[Date "2023.02.18"]
[Round "3"]
[White "Daroczi, Donat"]
[Black "Seres, Lajos"]
[Result "1/2-1/2"]
[WhiteElo "2256"]
[BlackElo "2362"]
[PlyCount "25"]
[EventDate "2023.02.16"]
[EventType "tourn"]
[EventRounds "9"]
[EventCountry "HUN"]
[SourceTitle "CBM 212 Extra"]
[Source "ChessBase"]
[SourceDate "2023.03.31"]
[SourceVersion "1"]
[SourceVersionDate "2023.03.31"]
[SourceQuality "1"]

1. e4 c5 2. Nf3 Nc6 3. d4 cxd4 4. Nxd4 e5 5. Nb5 a6 6. Nd6+ Bxd6 7. Qxd6 Qe7 8. Qd1 Nf6 9. Nc3 Nd4 10. Bg5 Qb4 11. Qd2 Qxb2 12. Rb1 Qxc2 13. Bxf6 1/2-1/2

[Event "Budapest Vezerkepzo GM 10"]
[Site "Budapest"]
[Date "2022.10.18"]
[Round "6"]
[White "Seres, Lajos"]
[Black "Aizenberg, Benny"]
[Result "1-0"]
[WhiteElo "2383"]
[BlackElo "2379"]
[PlyCount "83"]
[EventDate "2022.10.13"]
[EventType "tourn"]
[EventRounds "9"]
[EventCountry "HUN"]
[EventCategory "7"]
[SourceTitle "CBM 210 Extra"]
[Source "ChessBase"]
[SourceDate "2022.11.30"]
[SourceVersion "1"]
[SourceVersionDate "2022.11.30"]
[SourceQuality "1"]

1. e4 c5 2. Nf3 d6 3. d4 cxd4 4. Nxd4 Nf6 5. Nc3 a6 6. Be3 e5 7. Nf3 Be7 8. Bc4 0-0 9. 0-0 Be6 10. Bb3 b5 11. Qd3 Nc6 12. Rfd1 Rc8 13. Bg5 Ne8 14. Bxe7 Qxe7 15. a4 b4 16. Nd5 Qa7 17. a5 Bxd5 18. Bxd5 Nf6 19. Bb3 Rfd8 20. Ng5 Rc7 21. c3 bxc3 22. bxc3 h6 23. Nxf7 Rxf7 24. Bxf7+ Qxf7 25. Qxa6 Na7 26. Rxd6 Rxd6 27. Qxd6 Nxe4 28. Qb8+ Kh7 29. f3 Nxc3 30. Qxe5 Nab5 31. a6 Nd5 32. Kh1 Na7 33. Qe4+ g6 34. Rb1 Nc7 35. Rb7 Qd7 36. Qc2 Nab5 37. a7 Qe7 38. Qb1 Qa3 39. a8Q Qxa8 40. Qxb5 Qa1+ 41. Qb1 Qa5 42. Qc1 1-0

[Event "Budapest Vezerkepzo GM 10"]
[Site "Budapest"]
[Date "2022.10.15"]
[Round "3"]
[White "Bai, Adelard"]
[Black "Seres, Lajos"]
[Result "1/2-1/2"]
[WhiteElo "2399"]
[BlackElo "2383"]
[PlyCount "53"]
[EventDate "2022.10.13"]
[EventType "tourn"]
[EventRounds "9"]
[EventCountry "HUN"]
[EventCategory "7"]
[SourceTitle "CBM 210 Extra"]
[Source "ChessBase"]
[SourceDate "2022.11.30"]
[SourceVersion "1"]
[SourceVersionDate "2022.11.30"]
[SourceQuality "1"]

1. d4 Nf6 2. c4 e6 3. Nf3 c5 4. d5 exd5 5. cxd5 d6 6. Nc3 g6 7. g3 Bg7 8. Bg2 0-0 9. 0-0 Na6 10. Re1 Nc7 11. e4 Bg4 12. a4 Nd7 13. h3 Bxf3 14. Bxf3 a6 15. Be2 Rb8 16. a5 Re8 17. Qc2 b5 18. axb6 Rxb6 19. Be3 Qb8 20. Ra2 Rb4 21. f3 f5 22. Bf2 fxe4 23. Nxe4 Nb5 24. Kg2 Nf6 25. Bxb5 Rxb5 26. Nc3 Rb6 27. Rxe8+ 1/2-1/2

[Event "Budapest Vezerkepzo GM 10"]
[Site "Budapest"]
[Date "2022.10.13"]
[Round "1"]
[White "Lettieri, Giuseppe"]
[Black "Seres, Lajos"]
[Result "1/2-1/2"]
[WhiteElo "2442"]
[BlackElo "2383"]
[PlyCount "82"]
[EventDate "2022.10.13"]
[EventType "tourn"]
[EventRounds "9"]
[EventCountry "HUN"]
[EventCategory "7"]
[SourceTitle "CBM 210 Extra"]
[Source "ChessBase"]
[SourceDate "2022.11.30"]
[SourceVersion "1"]
[SourceVersionDate "2022.11.30"]
[SourceQuality "1"]

1. d4 d5 2. c4 c6 3. Nf3 Nf6 4. Nc3 a6 5. c5 b6 6. cxb6 Nbd7 7. e3 Qxb6 8. Bd3 e6 9. 0-0 c5 10. b3 cxd4 11. exd4 Bd6 12. Bb2 0-0 13. Qe2 Bb7 14. Na4 Qa7 15. Ne5 Rac8 16. Rac1 Rxc1 17. Rxc1 Rc8 18. Rxc8+ Bxc8 19. Nxd7 Nxd7 20. Bxh7+ Kxh7 21. Qc2+ g6 22. Qxc8 Nb6 23. Nxb6 Qxb6 24. Qc3 Qb5 25. Qf3 Kg7 26. Bc3 Bb4 27. g3 a5 28. Bb2 Be7 29. Bc1 a4 30. bxa4 Qxa4 31. Qb3 Qa7 32. a4 Bf6 33. Bb2 Bxd4 34. Bxd4+ Qxd4 35. Qa3 Qe4 36. a5 d4 37. a6 d3 38. a7 d2 39. Qb2+ Kh7 40. Qxd2 Qb1+ 41. Kg2 Qb7+ 1/2-1/2